000 00811nam a2200229 a 4500
001 000003503
005 20241007115234.0
008 090709s1993 dr r 000 0 spa d
040 _aDO-SdBNP
_bspa
_cBNPHU
082 _a338.4791
_bP438t
100 1 _aPérez Alvarado, Jorge Luis
_98539
245 1 0 _aTurismo Internacional :
_bmanual /
_cJorge Luis Pérez Alvarado ; prólogo Adriano de la Cruz.
260 _aSanto Domingo :
_bImpresos y servicios Sergio,
_c1993.
300 _a145p. ;
_c22cm.
500 _aIncluye datos biográficos del autor en la contracubierta
504 _aBibliografía : p. 143-145
590 _aInventariado,2018/DG
650 0 _aTurismo
_92632
650 4 _aComercio turístico
_98540
700 1 2 _aCruz, Adriano de la,
_epról.
_97194
910 _aValidado. Control de calidad MFF
999 _c3330
_d3330